00604nam a2200169Ia 4500008004100000100002100041245007700062245007400139260003000213260000900243300002400252440005100276650001500327650001900342650003400361650003900395190427s9999 xx 000 0 und d aFrench, Aaron M 3aAn empirical study evaluating social networking continuance and success/ cAaron M. French, J.P. Shim, Robert F. Otondo and Gary T. Templeton.-- bTaylor and Francis Group  c2018 apages 353-362, 2018 aJournal of Computer Inforamation Systemv58(4) aIS Success aSocial Capital aSocial networking Sites (SNS) aStructural Equation Modeling (SEM)